| Поле | Название | Значение |
| |
Тип записи |
a |
| |
Библиографический уровень |
m |
| 001 |
Контрольный номер |
RU/URAIT/582493 |
| 005 |
Дата корректировки |
20260429163639.9 |
| 008 |
Кодируемые данные |
260429s2026 RU y f j 000 0 rus u |
| 020 |
Индекс ISBN |
__ |
| a |
ISBN |
978-5-534-18679-6 |
| c |
Цена, тираж |
1089.00 |
| 040 |
Источник каталогиз. |
__ |
| a |
Служба первич. каталог. |
ИКО Юрайт |
| c |
Служба, преобразующая запись |
ИКО Юрайт |
| e |
Правила каталог. |
RCR |
| 041 |
Код языка издания |
__ |
| a |
Код языка текста |
rus |
| 044 |
Код страны публикации |
__ |
| a |
Код страны публикации |
RU |
| 080 |
Индекс УДК |
__ |
| a |
Индекс УДК |
33(075.32) |
| 084 |
Индекс другой классификации/Индекс ББК |
__ |
| 2 |
Источник индекса |
rubbk |
| a |
Индекс другой классификации/Индекс ББК |
65.29я723 |
| 100 |
Автор |
__ |
| a |
Автор |
Барышникова Н. А. |
| q |
Полное имя |
Барышникова Наталья Анатольевна |
| 245 |
Заглавие |
__ |
| a |
Заглавие |
Экономика организации |
| b |
Продолж. заглавия |
учебник для спо |
| c |
Ответственность |
Н. А. Барышникова, Т. А. Матеуш, М. Г. Миронов. |
| 250 |
Сведения об издании |
__ |
| g |
|
пер. и доп |
| a |
Основные сведения об издании |
4-е изд. |
| 256 |
Характеристики компьютерного файла |
__ |
| a |
Характеристики компьютерного файла |
Электрон. дан. |
| 260 |
Выходные данные |
__ |
| a |
Место издания |
Москва |
| b |
Издательство |
Юрайт |
| c |
Дата издания |
2026 |
| 300 |
Физическое описание |
__ |
| a |
Объем |
184 с |
| 440 |
Серия |
__ |
| a |
Серия |
Профессиональное образование |
| 500 |
Примечания |
__ |
| a |
Примечание |
URL: https://urait.ru/bcode/582493 (дата обращения: 29.04.2026). |
| 520 |
Аннотация |
__ |
| a |
Аннотация |
В настоящем курсе изложены теоретические основы дисциплины «Экономика организации». Курс направлен на формирование у обучающихся фундаментальных и прикладных знаний об основах эффективного функционирования организации, ее ресурсном потенциале и методах управления и планирования, составление целостного представления обо всех аспектах деятельности современной организации. Учебный материал четко систематизирован и структурирован, отражает как традиционные, так и современные подходы к изучению предмета, написан в доступной для понимания форме. Соответствует актуальным требованиям федерального государственного образовательного стандарта среднего профессионального образования и профессиональным требованиям. Для студентов образовательных учреждений среднего профессионального образования. |
| 538 |
Прим. о системных особенностях |
__ |
| a |
Прим. о системных особенностях |
Режим доступа: Электронно-библиотечная система Юрайт, для авториз. пользователей |
| 653 |
Ключевые слова |
__ |
| a |
Ключевые слова |
Предпринимательство. Лидерство |
| 653 |
Ключевые слова |
__ |
| a |
Ключевые слова |
Экономические науки |
| 653 |
Ключевые слова |
__ |
| a |
Ключевые слова |
Экономика |
| 653 |
Ключевые слова |
__ |
| a |
Ключевые слова |
Экономика предприятия |
| 653 |
Ключевые слова |
__ |
| a |
Ключевые слова |
Экономика организаций |
| 653 |
Ключевые слова |
__ |
| a |
Ключевые слова |
Основы экономики |
| 653 |
Ключевые слова |
__ |
| a |
Ключевые слова |
Экономика организации (предприятия) |
| 653 |
Ключевые слова |
__ |
| a |
Ключевые слова |
Организация работы структурного подразделения |
| 653 |
Ключевые слова |
__ |
| a |
Ключевые слова |
Основы экономики организации |
| 653 |
Ключевые слова |
__ |
| a |
Ключевые слова |
Основы экономики, менеджмента и маркетинга |
| 653 |
Ключевые слова |
__ |
| a |
Ключевые слова |
Экономика организации |
| 653 |
Ключевые слова |
__ |
| a |
Ключевые слова |
Экономика организации и менеджмент |
| 653 |
Ключевые слова |
__ |
| a |
Ключевые слова |
Организация и управление производственным подразделением |
| 653 |
Ключевые слова |
__ |
| a |
Ключевые слова |
Введение в экономику |
| 653 |
Ключевые слова |
__ |
| a |
Ключевые слова |
Планирование и организация производственной деятельности |
| 653 |
Ключевые слова |
__ |
| a |
Ключевые слова |
Основы экономики предприятий и организаций |
| 653 |
Ключевые слова |
__ |
| a |
Ключевые слова |
Экономика и организация предприятия |
| 653 |
Ключевые слова |
__ |
| a |
Ключевые слова |
Экономика организаций (предприятий) |
| 653 |
Ключевые слова |
__ |
| a |
Ключевые слова |
Экономика предприятий (организаций) |
| 653 |
Ключевые слова |
__ |
| a |
Ключевые слова |
Экономика предприятий |
| 653 |
Ключевые слова |
__ |
| a |
Ключевые слова |
Организация производственной деятельности персонала структурных подразделений, отвечающих за предоставление телематических услуг |
| 653 |
Ключевые слова |
__ |
| a |
Ключевые слова |
Экономика организации жилищно-коммунального хозяйства |
| 653 |
Ключевые слова |
__ |
| a |
Ключевые слова |
Экономика предприятий и организаций |
| 653 |
Ключевые слова |
__ |
| a |
Ключевые слова |
Экономика предприятий и организаций (продвинутый уровень) |
| 653 |
Ключевые слова |
__ |
| a |
Ключевые слова |
Организация работы коллектива исполнителей |
| 653 |
Ключевые слова |
__ |
| a |
Ключевые слова |
Планирование и организация работы подразделений |
| 653 |
Ключевые слова |
__ |
| a |
Ключевые слова |
Планирование и организация работы коллектива подразделения |
| 653 |
Ключевые слова |
__ |
| a |
Ключевые слова |
Экономика организаций и отраслей |
| 653 |
Ключевые слова |
__ |
| a |
Ключевые слова |
Организация деятельности производственного подразделения |
| 653 |
Ключевые слова |
__ |
| a |
Ключевые слова |
Основы экономики предприятия |
| 653 |
Ключевые слова |
__ |
| a |
Ключевые слова |
Экономика предприятия и организации |
| 653 |
Ключевые слова |
__ |
| a |
Ключевые слова |
Экономика предпринимательской организации |
| 653 |
Ключевые слова |
__ |
| a |
Ключевые слова |
Экономика предприятия (продвинутый уровень) |
| 653 |
Ключевые слова |
__ |
| a |
Ключевые слова |
Адаптивная экономика организации |
| 653 |
Ключевые слова |
__ |
| a |
Ключевые слова |
Основы экономики, организации и правового обеспечения профессиональной деятельности |
| 653 |
Ключевые слова |
__ |
| a |
Ключевые слова |
Экономика предприятия (организации) |
| 653 |
Ключевые слова |
__ |
| a |
Ключевые слова |
Экономика предприятий/организация |
| 653 |
Ключевые слова |
__ |
| a |
Ключевые слова |
Организация производственной деятельности структурного подразделения |
| 653 |
Ключевые слова |
__ |
| a |
Ключевые слова |
Основы экономики организации, менеджмента и маркетинга |
| 653 |
Ключевые слова |
__ |
| a |
Ключевые слова |
Экономика и основы анализа финансово-хозяйственной деятельности торговой организации |
| 653 |
Ключевые слова |
__ |
| a |
Ключевые слова |
Организация деятельности персонала на горном участке |
| 653 |
Ключевые слова |
__ |
| a |
Ключевые слова |
Организация деятельности персонала производственного подразделения |
| 653 |
Ключевые слова |
__ |
| a |
Ключевые слова |
Организация и управление работой обслуживающего персонала теплотехнического оборудования и систем тепло- и топливоснабжения |
| 653 |
Ключевые слова |
__ |
| a |
Ключевые слова |
Организация производственной деятельности персонала структурных подразделений предприятий отрасли связи |
| 653 |
Ключевые слова |
__ |
| a |
Ключевые слова |
Цифровая экономика железнодорожного транспорта |
| 653 |
Ключевые слова |
__ |
| a |
Ключевые слова |
Организация работы коллектива исполнителей и обеспечение правил и безопасности труда при выполнении производственного задания |
| 653 |
Ключевые слова |
__ |
| a |
Ключевые слова |
Экономические аспекты пожарной безопасности |
| 653 |
Ключевые слова |
__ |
| a |
Ключевые слова |
Организация работы коллектива исполнителей и обеспечение безопасности труда при выполнении производственного задания |
| 653 |
Ключевые слова |
__ |
| a |
Ключевые слова |
Планирование и организация работ подразделения |
| 653 |
Ключевые слова |
__ |
| a |
Ключевые слова |
Основы экономики организации (в т.ч. основы финансовой грамотности) |
| 700 |
Другие авторы |
__ |
| a |
Другие авторы |
Матеуш Т. А. |
| q |
Полное имя |
Матеуш Татьяна Анатольевна |
| 700 |
Другие авторы |
__ |
| a |
Другие авторы |
Миронов М. Г. |
| q |
Полное имя |
Миронов Максим Георгиевич |
| 856 |
Электронный адрес документа |
40 |
| n |
Местонахождение сервера |
Юрайт |
| g |
|
Электронная книга |
| q |
Тип электронного формата |
html |
| h |
Имя пользователя |
ЮРАЙТ |
| v |
Часы доступа к ресурсу |
20271231 |
| 2 |
Способ доступа |
Показать документ |
| x |
Служебное примечание |
https://urait.ru/book/cover/7A962C6C-3298-4CE5-BB96-3EB15E8286D6 |
| u |
URL |
https://urait.ru/bcode/582493 |
| 856 |
Электронный адрес документа |
48 |
| q |
Тип электронного формата |
cover |
| u |
URL |
https://urait.ru/book/cover/7A962C6C-3298-4CE5-BB96-3EB15E8286D6 |
| 911 |
|
__ |
| u |
|
0030=https://urait.ru/bcode/582493 |
| 911 |
|
__ |
| u |
|
073a=9785534186796 |
| u |
|
073d=1089.00 |
| 911 |
|
__ |
| u |
|
106a=s |
| 911 |
|
__ |
| u |
|
900l= |
| 952 |
Тип литературы |
__ |
| i |
Дисциплина |
Экономика |
| 952 |
Тип литературы |
__ |
| i |
Дисциплина |
Экономика предприятия |
| 952 |
Тип литературы |
__ |
| i |
Дисциплина |
Экономика организаций |
| 952 |
Тип литературы |
__ |
| i |
Дисциплина |
Основы экономики |
| 952 |
Тип литературы |
__ |
| i |
Дисциплина |
Экономика организации (предприятия) |
| 952 |
Тип литературы |
__ |
| i |
Дисциплина |
Организация работы структурного подразделения |
| 952 |
Тип литературы |
__ |
| i |
Дисциплина |
Основы экономики организации |
| 952 |
Тип литературы |
__ |
| i |
Дисциплина |
Основы экономики, менеджмента и маркетинга |
| 952 |
Тип литературы |
__ |
| i |
Дисциплина |
Экономика организации |
| 952 |
Тип литературы |
__ |
| i |
Дисциплина |
Экономика организации и менеджмент |
| 952 |
Тип литературы |
__ |
| i |
Дисциплина |
Организация и управление производственным подразделением |
| 952 |
Тип литературы |
__ |
| i |
Дисциплина |
Введение в экономику |
| 952 |
Тип литературы |
__ |
| i |
Дисциплина |
Планирование и организация производственной деятельности |
| 952 |
Тип литературы |
__ |
| i |
Дисциплина |
Основы экономики предприятий и организаций |
| 952 |
Тип литературы |
__ |
| i |
Дисциплина |
Экономика и организация предприятия |
| 952 |
Тип литературы |
__ |
| i |
Дисциплина |
Экономика организаций (предприятий) |
| 952 |
Тип литературы |
__ |
| i |
Дисциплина |
Экономика предприятий (организаций) |
| 952 |
Тип литературы |
__ |
| i |
Дисциплина |
Экономика предприятий |
| 952 |
Тип литературы |
__ |
| i |
Дисциплина |
Организация производственной деятельности персонала структурных подразделений, отвечающих за предоставление телематических услуг |
| 952 |
Тип литературы |
__ |
| i |
Дисциплина |
Экономика организации жилищно-коммунального хозяйства |
| 952 |
Тип литературы |
__ |
| i |
Дисциплина |
Экономика предприятий и организаций |
| 952 |
Тип литературы |
__ |
| i |
Дисциплина |
Экономика предприятий и организаций (продвинутый уровень) |
| 952 |
Тип литературы |
__ |
| i |
Дисциплина |
Организация работы коллектива исполнителей |
| 952 |
Тип литературы |
__ |
| i |
Дисциплина |
Планирование и организация работы подразделений |
| 952 |
Тип литературы |
__ |
| i |
Дисциплина |
Планирование и организация работы коллектива подразделения |
| 952 |
Тип литературы |
__ |
| i |
Дисциплина |
Экономика организаций и отраслей |
| 952 |
Тип литературы |
__ |
| i |
Дисциплина |
Организация деятельности производственного подразделения |
| 952 |
Тип литературы |
__ |
| i |
Дисциплина |
Основы экономики предприятия |
| 952 |
Тип литературы |
__ |
| i |
Дисциплина |
Экономика предприятия и организации |
| 952 |
Тип литературы |
__ |
| i |
Дисциплина |
Экономика предпринимательской организации |
| 952 |
Тип литературы |
__ |
| i |
Дисциплина |
Экономика предприятия (продвинутый уровень) |
| 952 |
Тип литературы |
__ |
| i |
Дисциплина |
Адаптивная экономика организации |
| 952 |
Тип литературы |
__ |
| i |
Дисциплина |
Основы экономики, организации и правового обеспечения профессиональной деятельности |
| 952 |
Тип литературы |
__ |
| i |
Дисциплина |
Экономика предприятия (организации) |
| 952 |
Тип литературы |
__ |
| i |
Дисциплина |
Экономика предприятий/организация |
| 952 |
Тип литературы |
__ |
| i |
Дисциплина |
Организация производственной деятельности структурного подразделения |
| 952 |
Тип литературы |
__ |
| i |
Дисциплина |
Основы экономики организации, менеджмента и маркетинга |
| 952 |
Тип литературы |
__ |
| i |
Дисциплина |
Экономика и основы анализа финансово-хозяйственной деятельности торговой организации |
| 952 |
Тип литературы |
__ |
| i |
Дисциплина |
Организация деятельности персонала на горном участке |
| 952 |
Тип литературы |
__ |
| i |
Дисциплина |
Организация деятельности персонала производственного подразделения |
| 952 |
Тип литературы |
__ |
| i |
Дисциплина |
Организация и управление работой обслуживающего персонала теплотехнического оборудования и систем тепло- и топливоснабжения |
| 952 |
Тип литературы |
__ |
| i |
Дисциплина |
Организация производственной деятельности персонала структурных подразделений предприятий отрасли связи |
| 952 |
Тип литературы |
__ |
| i |
Дисциплина |
Цифровая экономика железнодорожного транспорта |
| 952 |
Тип литературы |
__ |
| i |
Дисциплина |
Организация работы коллектива исполнителей и обеспечение правил и безопасности труда при выполнении производственного задания |
| 952 |
Тип литературы |
__ |
| i |
Дисциплина |
Экономические аспекты пожарной безопасности |
| 952 |
Тип литературы |
__ |
| i |
Дисциплина |
Организация работы коллектива исполнителей и обеспечение безопасности труда при выполнении производственного задания |
| 952 |
Тип литературы |
__ |
| i |
Дисциплина |
Планирование и организация работ подразделения |
| 952 |
Тип литературы |
__ |
| i |
Дисциплина |
Основы экономики организации (в т.ч. основы финансовой грамотности) |